| 000 | 00429cam a22001337a 4500 | ||
|---|---|---|---|
| 008 | 180718b1957 xxu||||| |||| 00| 0 eng d | ||
| 082 | _aA99 Ad35/W547 | ||
| 100 | _aWeymar, Paul | ||
| 245 |
_aKonrad Adenauer: the authorized biography _cby Paul Weymar; translated by Peter De Mendelssohn |
||
| 260 |
_aLondon _bAndre Deutsch _c1957 |
||
| 300 | _a543p | ||
| 650 | _aAdenauer, Konrad, 1876-1967. | ||
| 700 | _aMendelssohn Peter De, tr | ||
| 999 |
_c414125 _d414125 |
||